00938nam a2200241 a 4500999001500000001000400015003000900019005001700028008004100045020001500086040002800101082002200129245013900151260003900290300003000329504005100359650005100410650005400461700002200515700002700537942001200564952012000576 c1902d1902745BD-DhUAP20210127133452.0200217s1997 bg b 101 0 eng d a9840514016 aDLCcDLCbengdBD-DhUAP00a372.95492 GET22300aGetting started :buniversalising quality primary education in Bangladesh /cEdited by A. K. Jalaluddin and A. Mushtaque R. Chowdhury. aDhaka :bUniversity Press,cc1997. axxxv, 684 pages ;c22 cm. aIncludes bibliographical references and index. 0aEducation, ElementaryzBangladeshxCongresses. 0aEducational equalizationzBangladeshxCongresses.1 aJalaluddin, A. K.1 aChowdhury, A. M. Raza. 2ddccBK 00102ddc4070aUAPCLbUAPCLcGeneral Stacksd2020-02-17o372.95492 GETp3010000745r2020-02-17t1w2020-02-17yBK